Southville International School and Colleges
Your cart is empty.
  • Cart
  • Lists
    Public lists Eva Luna New books Lux_list list_1
    Your lists Log in to create your own lists
  • Log in to your account
  • Your cookies
  • Search history
Southville International School and Colleges
  • Advanced search
  • Recent comments
  • Most popular
  • Libraries

Log in to your account

Log in with GOOGLE


If you do not have an external account, but do have a local account, you can still log in:

  1. Home
  2. MARC view: Personnel and human resource management /
Normal view MARC view ISBD view

Personnel and human resource management / (Record no. 39180)

[ view plain ]
MARC details
000 -LEADER
fixed length control field 00542nam a22001937a 4500
003 - CONTROL NUMBER IDENTIFIER
control field OSt
005 - DATE AND TIME OF LATEST TRANSACTION
control field 20140311163000.0
008 - FIXED-LENGTH DATA ELEMENTS--GENERAL INFORMATION
fixed length control field 130223t xxu||||| |||| 00| 0 eng d
020 ## - INTERNATIONAL STANDARD BOOK NUMBER
International Standard Book Number 9712328783
050 ## - LIBRARY OF CONGRESS CALL NUMBER
Classification number HF 5549.2.P6
Item number .C66 2004
100 ## - MAIN ENTRY--PERSONAL NAME
Personal name Corpuz, Crispina R.
9 (RLIN) 30623
245 ## - TITLE STATEMENT
Title Personnel and human resource management /
Statement of responsibility, etc Crispina R. Corpuz.
260 ## - PUBLICATION, DISTRIBUTION, ETC. (IMPRINT)
Place of publication, distribution, etc Manila :
Name of publisher, distributor, etc Rex Book Store,
Date of publication, distribution, etc 2000.
300 ## - PHYSICAL DESCRIPTION
Extent 176 p. :
Dimensions 23 cm.
650 ## - SUBJECT ADDED ENTRY--TOPICAL TERM
Topical term or geographic name as entry element Personnel Management
9 (RLIN) 685
942 ## - ADDED ENTRY ELEMENTS (KOHA)
Source of classification or shelving scheme Library of Congress Classification
Koha item type Books
Call number prefix Local
Holdings
Withdrawn status Lost status Source of classification or shelving scheme Damaged status Home library Current library Shelving location Date acquired Total Checkouts Full call number Barcode Date last seen Copy number Price effective from Koha item type
    Library of Congress Classification   College Library College Library General Circulation Section 12/04/2013   HF 5549.2.P6 .C66 2004 C5477 05/15/2018 1 12/04/2013 Books

Personnel and human resource management /

APA

Corpuz C. R., . (2000). Personnel and human resource management. Manila: Rex Book Store.

Chicago

Corpuz Crispina R, . 2000. Personnel and human resource management. Manila: Rex Book Store.

Harvard

Corpuz C. R., . (2000). Personnel and human resource management. Manila: Rex Book Store.

MLA

Corpuz Crispina R, . Personnel and human resource management. Manila: Rex Book Store. 2000.

  • Place hold
  • Print
  • Cite
  • Add to your cart (remove)
  • Save record
    BIBTEX Dublin Core MARCXML MARC (non-Unicode/MARC-8) MARC (Unicode/UTF-8) MARC (Unicode/UTF-8, Standard) MODS (XML) RIS
  • More searches
    Search for this title in:
    Other Libraries (WorldCat) Other Databases (Google Scholar) Online Stores (Bookfinder.com) Open Library (openlibrary.org)

Exporting to Dublin Core...

SOUTHVILLE LIBRARY

Southville International School and Colleges Library

1281 Tropical Ave. Cor. Luxembourg St., BF Homes International, Las Pinas City

Tel. No. 8256374 / 252358 Loc. 117/146

Powered by Koha